Library Logo

Bibliographic organization; (Record no. 119316)

000 -LEADER
fixed length control field 01174cam a22002891 4500
001 - CONTROL NUMBER
control field 1220311
003 - CONTROL NUMBER IDENTIFIER
control field BD-DhUL
005 - DATE AND TIME OF LATEST TRANSACTION
control field 20161102184332.0
008 - FIXED-LENGTH DATA ELEMENTS--GENERAL INFORMATION
fixed length control field 730703s1951 ilua b 000 0 eng
010 ## - LIBRARY OF CONGRESS CONTROL NUMBER
LC control number 51009884
040 ## - CATALOGING SOURCE
Original cataloging agency DLC
Transcribing agency DLC
Modifying agency DLC
-- BD-DhUL
050 00 - LIBRARY OF CONGRESS CALL NUMBER
Classification number Z674
Item number .C4 15th
082 00 - DEWEY DECIMAL CLASSIFICATION NUMBER
Classification number 010
Item number SHB
100 1# - MAIN ENTRY--PERSONAL NAME
Personal name Shera, Jesse Hauk,
Dates associated with a name 1903-1982,
Relator term ed.
245 10 - TITLE STATEMENT
Title Bibliographic organization;
Statement of responsibility, etc. edited by Jesse H. Shera and Margaret E. Egan.
260 ## - PUBLICATION, DISTRIBUTION, ETC. (IMPRINT)
Place of publication, distribution, etc. Chicago,
Name of publisher, distributor, etc. University of Chicago Press
Date of publication, distribution, etc. [1951]
300 ## - PHYSICAL DESCRIPTION
Extent xii, 275 p.
Other physical details illus.
Dimensions 24 cm.
490 1# - SERIES STATEMENT
Series statement Papers presented before the fifteenth annual conference of the Graduate Library School, July 24-29, 1950
490 1# - SERIES STATEMENT
Series statement The University of Chicago studies in library science
504 ## - BIBLIOGRAPHY, ETC. NOTE
Bibliography, etc Includes bibliographies.
650 #0 - SUBJECT ADDED ENTRY--TOPICAL TERM
Topical term or geographic name as entry element Bibliography
General subdivision Methodology.
700 1# - ADDED ENTRY--PERSONAL NAME
Personal name Egan, Margaret Elizabeth,
Dates associated with a name 1905-
Relator term joint ed.
810 1# - SERIES ADDED ENTRY--CORPORATE NAME
Corporate name or jurisdiction name as entry element Chicago.
Subordinate unit University.
-- Graduate Library School.
-- Library Conference.
Title of a work Papers presented before the annual conference,
Volume/sequential designation 1950.
830 #0 - SERIES ADDED ENTRY--UNIFORM TITLE
Uniform title University of Chicago studies in library science.
906 ## - LOCAL DATA ELEMENT F, LDF (RLIN)
a 7
b cbc
c orignew
d u
e ocip
f 19
g y-gencatlg
942 ## - ADDED ENTRY ELEMENTS (KOHA)
Source of classification or shelving scheme
Koha item type Books
Holdings
Price effective from Date last seen Permanent Location Not for loan Date acquired Source of classification or shelving scheme Koha item type Lost status Withdrawn status Source of acquisition Collection code Damaged status Shelving location Barcode Current Location Full call number
2016-11-022016-11-02Dhaka University Library 2016-11-02 Books  purchasedNon Fiction General StacksA16906Dhaka University Library010 SHB
Last Updated on September 15, 2019
© Dhaka University Library. All Rights Reserved|Staff Login